[Event "Regionalliga Sued-West 1819"]
[Site "Bayern"]
[Date "2019.04.07"]
[Round "9.1"]
[White "Altmann, Christoph"]
[Black "Waelzel, Helmut"]
[Result "0-1"]
[WhiteElo "2042"]
[BlackElo "2247"]
[PlyCount "66"]
[EventDate "2018.10.21"]
[EventType "team-tourn"]
[EventRounds "9"]
[EventCountry "GER"]
[SourceTitle "EXT 2022"]
[Source "ChessBase"]
[SourceDate "2021.10.06"]
[SourceVersion "1"]
[SourceVersionDate "2021.10.06"]
[SourceQuality "1"]
[WhiteTeam "Sendling SC"]
[BlackTeam "Haar"]
[WhiteTeamCountry "GER"]
[BlackTeamCountry "GER"]

1. d4 Nf6 2. Bg5 e6 3. Nd2 h6 4. Bh4 c5 5. e3 b6 6. Ngf3 d6 7. Bb5+ Nbd7 8. dxc5 bxc5 9. 0-0 Be7 10. Nc4 Qc7 11. Re1 Bb7 12. Bxf6 gxf6 13. e4 0-0-0 14. Qd2 d5 15. exd5 Bxd5 16. Qe2 Rhg8 17. Ne3 Ba8 18. Ba6+ Kb8 19. Kf1 Qf4 20. Ng1 Qxh2 21. f3 Nb6 22. a4 Rd4 23. Qf2 Nd5 24. Nxd5 Rxd5 25. Re2 Qd6 26. Bc4 Rd4 27. b3 f5 28. c3 Bh4 29. Qe3 Rd1+ 30. Rxd1 Qxd1+ 31. Re1 Qxe1+ 32. Qxe1 Bxe1 33. Kxe1 Rxg2 0-1

[Event "Regionalliga Sued-West 1819"]
[Site "Bayern"]
[Date "2019.02.24"]
[Round "7.1"]
[White "Altmann, Christoph"]
[Black "Josch, Sylvio"]
[Result "1/2-1/2"]
[WhiteElo "2042"]
[BlackElo "2148"]
[PlyCount "30"]
[EventDate "2018.10.21"]
[EventType "team-tourn"]
[EventRounds "9"]
[EventCountry "GER"]
[SourceTitle "EXT 2022"]
[Source "ChessBase"]
[SourceDate "2021.10.06"]
[SourceVersion "1"]
[SourceVersionDate "2021.10.06"]
[SourceQuality "1"]
[WhiteTeam "Sendling SC"]
[BlackTeam "Altstadt Roter Turm"]
[WhiteTeamCountry "GER"]
[BlackTeamCountry "GER"]

1. d4 c5 2. c3 d5 3. Nf3 Nf6 4. a3 b6 5. Bg5 Ne4 6. Bh4 h6 7. e3 g5 8. Bg3 Nxg3 9. hxg3 Bg7 10. Bb5+ Bd7 11. Qa4 0-0 12. Ne5 Bf5 13. Bd3 Bxd3 14. Nxd3 Qd6 15. Qd1 f5 1/2-1/2

[Event "Regionalliga Sued-West 1819"]
[Site "Bayern"]
[Date "2019.02.03"]
[Round "6.1"]
[White "Schindler, Sven"]
[Black "Altmann, Christoph"]
[Result "1/2-1/2"]
[WhiteElo "2165"]
[BlackElo "2042"]
[PlyCount "99"]
[EventDate "2018.10.21"]
[EventType "team-tourn"]
[EventRounds "9"]
[EventCountry "GER"]
[SourceTitle "EXT 2022"]
[Source "ChessBase"]
[SourceDate "2021.10.06"]
[SourceVersion "1"]
[SourceVersionDate "2021.10.06"]
[SourceQuality "1"]
[WhiteTeam "Garching III"]
[BlackTeam "Sendling SC"]
[WhiteTeamCountry "GER"]
[BlackTeamCountry "GER"]

1. c4 c6 2. d4 d5 3. cxd5 cxd5 4. Nf3 Nc6 5. Nc3 Nf6 6. Bf4 a6 7. e3 Bg4 8. Be2 e6 9. h3 Bh5 10. Qb3 Bxf3 11. Bxf3 Ra7 12. 0-0 Bd6 13. Bxd6 Qxd6 14. Na4 0-0 15. Rfc1 Nd7 16. Nc5 Na5 17. Qa4 b6 18. Nxd7 Qxd7 19. Qb4 Nc4 20. b3 a5 21. Qc3 Nd6 22. Qc6 Rb8 23. Rc2 Kf8 24. Rac1 Qxc6 25. Rxc6 Rd7 26. Be2 Ke7 27. Bd3 g6 28. Kf1 Kd8 29. R1c2 Ne8 30. Ke2 Rc7 31. Kd2 Rxc6 32. Rxc6 Nc7 33. a3 Kd7 34. Rc2 Kd6 35. h4 h5 36. Rc1 Rb7 37. Be2 Rb8 38. Rh1 Rh8 39. Kc3 Rc8 40. Kb2 Ne8 41. Rc1 Rxc1 42. Kxc1 f5 43. Kd2 Nf6 44. f3 e5 45. Kc3 e4 46. f4 Kc6 47. b4 Ng4 48. b5+ Kd6 49. Bxg4 fxg4 50. g3 1/2-1/2

[Event "Regionalliga Sued-West 1819"]
[Site "Bayern"]
[Date "2019.01.20"]
[Round "5.1"]
[White "Altmann, Christoph"]
[Black "Pap, Misa"]
[Result "0-1"]
[WhiteElo "2042"]
[BlackElo "2416"]
[PlyCount "78"]
[EventDate "2018.10.21"]
[EventType "team-tourn"]
[EventRounds "9"]
[EventCountry "GER"]
[SourceTitle "EXT 2022"]
[Source "ChessBase"]
[SourceDate "2021.10.06"]
[SourceVersion "1"]
[SourceVersionDate "2021.10.06"]
[SourceQuality "1"]
[WhiteTeam "Sendling SC"]
[BlackTeam "Augsburg SF"]
[WhiteTeamCountry "GER"]
[BlackTeamCountry "GER"]

1. d4 Nf6 2. Bg5 d5 3. e3 c5 4. dxc5 Ne4 5. Bh4 g5 6. Bg3 Bg7 7. c3 Nc6 8. Nd2 Nxc5 9. Nb3 Na4 10. Qd2 Qb6 11. Rc1 Bf5 12. Nf3 Rd8 13. Nfd4 Bg6 14. Bb5 Nc5 15. Nxc5 Qxc5 16. Bd3 e5 17. Nxc6 bxc6 18. Bxg6 hxg6 19. 0-0 f5 20. f3 0-0 21. Kh1 Qa5 22. b4 Qa3 23. Qc2 Qa6 24. Rfd1 Kh7 25. Bf2 e4 26. Qb3 exf3 27. gxf3 Qe2 28. Kg2 g4 29. fxg4 Qxg4+ 30. Kh1 f4 31. exf4 Rxf4 32. Bg3 Qf3+ 33. Kg1 Rg4 34. Qc2 Bh6 35. Rf1 Be3+ 36. Rf2 Rf8 37. Kf1 Bxf2 38. Bxf2 Qh3+ 39. Ke1 Re4+ 0-1

[Event "Regionalliga SW 1314"]
[Site "Bayern"]
[Date "2014.02.09"]
[Round "6.2"]
[White "Altmann, Christoph"]
[Black "Bonacci, Mauro"]
[Result "1/2-1/2"]
[WhiteElo "2041"]
[BlackElo "2062"]
[PlyCount "43"]
[EventDate "2013.10.13"]
[EventType "team-tourn"]
[EventRounds "9"]
[EventCountry "GER"]
[SourceTitle "EXT 2015"]
[Source "ChessBase"]
[SourceDate "2014.11.20"]
[SourceVersion "1"]
[SourceVersionDate "2014.11.20"]
[SourceQuality "1"]
[WhiteTeam "Sendling"]
[BlackTeam "MSA Zugzwang II"]
[WhiteTeamCountry "GER"]
[BlackTeamCountry "GER"]

1. d4 Nf6 2. Bg5 Ne4 3. Bf4 c5 4. f3 Nf6 5. dxc5 Qa5+ 6. Nc3 Qxc5 7. e4 d6 8. Qd2 a6 9. Nge2 g6 10. 0-0-0 Nc6 11. g4 Be6 12. h4 Qa5 13. Kb1 Rc8 14. Nc1 h5 15. g5 Nd7 16. Nd5 Qxd2 17. Rxd2 Bg7 18. Nd3 Nce5 19. Nxe5 Nxe5 20. Be2 Nc4 21. Bxc4 Rxc4 22. b3 1/2-1/2

[Event "Regionalliga SW 1314"]
[Site "Bayern"]
[Date "2013.10.13"]
[Round "1.2"]
[White "Altmann, Christoph"]
[Black "Hennig, Dirk"]
[Result "0-1"]
[WhiteElo "2041"]
[BlackElo "2359"]
[PlyCount "118"]
[EventDate "2013.10.13"]
[EventType "team-tourn"]
[EventRounds "9"]
[EventCountry "GER"]
[SourceTitle "EXT 2015"]
[Source "ChessBase"]
[SourceDate "2014.11.20"]
[SourceVersion "1"]
[SourceVersionDate "2014.11.20"]
[SourceQuality "1"]
[WhiteTeam "Sendling"]
[BlackTeam "Muenchen 36"]
[WhiteTeamCountry "GER"]
[BlackTeamCountry "GER"]

1. d4 g6 2. e4 c6 3. Nc3 d5 4. Nf3 Bg4 5. Be2 Bg7 6. Be3 Nf6 7. e5 Nfd7 8. h3 Bxf3 9. Bxf3 e6 10. Ne2 c5 11. c3 Nc6 12. 0-0 0-0 13. Qd2 Qa5 14. Rfc1 Rfc8 15. Qd1 Nb6 16. b3 cxd4 17. cxd4 Qa3 18. Nc3 a6 19. Qd2 Bf8 20. Nb1 Qb4 21. Qd1 Nxd4 22. a3 Rxc1 23. Qxc1 Qc5 24. Qb2 Nxf3+ 25. gxf3 Qc7 26. Nd2 Nd7 27. f4 Rc8 28. b4 Nb6 29. Qd4 Nc4 30. Nxc4 Qxc4 31. Qb6 Qc6 32. Qa7 Qb5 33. Rc1 Rxc1+ 34. Bxc1 Qc6 35. Be3 Qc8 36. Qb6 Be7 37. Kh2 h5 38. Qa7 Kg7 39. Qb6 h4 40. Qa7 Qd7 41. Qd4 Qc7 42. Kg2 b5 43. Kf3 a5 44. Bd2 Qc2 45. Ke2 axb4 46. axb4 Qc4+ 47. Qxc4 dxc4 48. Kf3 Kf8 49. Bc3 Ke8 50. Ke4 Kd7 51. f3 Kc6 52. Be1 f5+ 53. Kd4 Bd8 54. Kc3 Kd5 55. Bf2 g5 56. Be3 gxf4 57. Bxf4 Bc7 58. Bg5 Bxe5+ 59. Kc2 Bg3 0-1

[Event "Landesliga Sued 1011"]
[Site "Bayern"]
[Date "2010.10.10"]
[Round "1.3"]
[White "Altmann, Christoph"]
[Black "Knitl, Anton"]
[Result "1/2-1/2"]
[WhiteElo "2044"]
[BlackElo "2136"]
[PlyCount "65"]
[EventDate "2010.10.10"]
[EventType "team-tourn"]
[EventRounds "9"]
[EventCountry "GER"]
[SourceTitle "EXT 2012"]
[Source "ChessBase"]
[SourceDate "2011.11.24"]
[SourceVersion "1"]
[SourceVersionDate "2011.11.24"]
[SourceQuality "1"]
[WhiteTeam "Sendling"]
[BlackTeam "Freising"]
[WhiteTeamCountry "GER"]
[BlackTeamCountry "GER"]

1. d4 e6 2. Nf3 f5 3. d5 Bd6 4. Nc3 Nf6 5. Bg5 0-0 6. dxe6 dxe6 7. e4 fxe4 8. Nxe4 Bb4+ 9. Ned2 Qe8 10. c3 Bc5 11. Bxf6 gxf6 12. Bc4 Nc6 13. Qe2 Kh8 14. 0-0-0 e5 15. Rhe1 Bd7 16. Nh4 Rd8 17. Ne4 Be7 18. g4 Na5 19. Bd3 Qf7 20. b4 Nc6 21. Ng3 a5 22. b5 Ba3+ 23. Kb1 Ne7 24. g5 Nd5 25. Qc2 fxg5 26. Nhf5 Nf4 27. Rxe5 Nxd3 28. Rxd3 Bxf5 29. Rxf5 Qc4 30. Rxd8 Rxd8 31. Qb3 Qd3+ 32. Qc2 Qc4 33. Qb3 1/2-1/2

[Event "Landesliga Sued 0809"]
[Site "Bayern"]
[Date "2008.12.14"]
[Round "4.5"]
[White "Schoellmann, Jochen"]
[Black "Altmann, Christoph"]
[Result "1/2-1/2"]
[WhiteElo "2191"]
[BlackElo "2056"]
[PlyCount "145"]
[EventDate "2008.10.05"]
[EventType "team-tourn"]
[EventRounds "9"]
[EventCountry "GER"]
[SourceTitle "EXT 2020"]
[Source "ChessBase"]
[SourceDate "2019.10.17"]
[SourceVersion "1"]
[SourceVersionDate "2019.10.17"]
[SourceQuality "1"]
[WhiteTeam "Garching"]
[BlackTeam "Sendling"]
[WhiteTeamCountry "GER"]
[BlackTeamCountry "GER"]

1. e4 e6 2. d4 d5 3. Nc3 Nf6 4. Bg5 dxe4 5. Nxe4 Nbd7 6. Nf3 h6 7. Nxf6+ Nxf6 8. Bh4 c5 9. Bb5+ Bd7 10. Bxd7+ Qxd7 11. Bxf6 gxf6 12. dxc5 Qxd1+ 13. Rxd1 Bxc5 14. Ke2 Ke7 15. Rd3 Rad8 16. Rhd1 Rxd3 17. Rxd3 Rg8 18. Ne1 Rg4 19. Rh3 Rg6 20. Rc3 Bd6 21. Rb3 b6 22. Rh3 f5 23. Rh4 e5 24. Rh5 Ke6 25. Nf3 Bf8 26. Ne1 Rg4 27. Rh3 Rb4 28. Nd3 Rc4 29. c3 Rg4 30. Re3 f6 31. Ne1 Bc5 32. Rd3 Be7 33. Rh3 Bf8 34. Rd3 Be7 35. b3 Re4+ 36. Kf1 Rg4 37. Rh3 Bf8 38. Rd3 Be7 39. Nc2 Bc5 40. Rd8 Rh4 41. h3 Rf4 42. f3 a5 43. Ne1 Rh4 44. Nd3 Bd6 45. Nf2 Rh5 46. Rh8 Bc5 47. Nd3 Bd6 48. Nb2 e4 49. Nc4 exf3 50. Nxd6 fxg2+ 51. Kxg2 Kxd6 52. Rf8 Rg5+ 53. Kf3 Rh5 54. Kg3 Ke5 55. Rb8 Rg5+ 56. Kf2 Rh5 57. Kg2 Rg5+ 58. Kf2 Rh5 59. Rxb6 Rxh3 60. Rb5+ Ke4 61. Rxa5 Rxc3 62. Ra4+ Kd3 63. Kf3 Rc2 64. Ra8 Rb2 65. Rd8+ Kc3 66. Rc8+ Kd3 67. Rd8+ Kc3 68. Rc8+ Kb4 69. Rc4+ Kb5 70. Rf4 Rxa2 71. Rxf5+ Kb4 72. Rxf6 Kxb3 73. Rxh6 1/2-1/2

[Event "Landesliga Sued 0809"]
[Site "Bayern"]
[Date "2008.10.05"]
[Round "1.5"]
[White "Altmann, Christoph"]
[Black "Beckers, Thomas"]
[Result "1-0"]
[WhiteElo "2056"]
[BlackElo "2000"]
[PlyCount "75"]
[EventDate "2008.10.05"]
[EventType "team-tourn"]
[EventRounds "9"]
[EventCountry "GER"]
[SourceTitle "EXT 2020"]
[Source "ChessBase"]
[SourceDate "2019.10.17"]
[SourceVersion "1"]
[SourceVersionDate "2019.10.17"]
[SourceQuality "1"]
[WhiteTeam "Sendling"]
[BlackTeam "Muenchen Zugzwang"]
[WhiteTeamCountry "GER"]
[BlackTeamCountry "GER"]

1. d4 f5 2. Bg5 h6 3. Bh4 c5 4. e3 Qb6 5. Nc3 cxd4 6. exd4 Qe6+ 7. Be2 g5 8. Nf3 gxh4 9. Nxh4 Nf6 10. d5 Qg8 11. Qd3 Na6 12. d6 Nb4 13. Qd1 e6 14. Nb5 Nbd5 15. c4 a6 16. cxd5 axb5 17. dxe6 dxe6 18. Bxb5+ Bd7 19. Qb3 Ra5 20. Bxd7+ Nxd7 21. 0-0 b6 22. Rfe1 e5 23. Qc2 Qg5 24. Nxf5 Rc5 25. Qe4 Rg8 26. g3 Qg4 27. f4 Kf7 28. b4 Rc3 29. Qd5+ Ke8 30. Rxe5+ Kd8 31. Qa8+ Rc8 32. Re8+ Kxe8 33. Qxc8+ Kf7 34. Qxd7+ Kf6 35. Qh7 Rg6 36. d7 Bc5+ 37. bxc5 Rg8 38. Nxh6 1-0

[Event "Landesliga Sued 0708"]
[Site "Bayern"]
[Date "2008.02.17"]
[Round "6.5"]
[White "Schulz, Juergen2222"]
[Black "Altmann, Christoph"]
[Result "1/2-1/2"]
[WhiteElo "2125"]
[BlackElo "2029"]
[PlyCount "47"]
[EventDate "2007.10.21"]
[EventType "team-tourn"]
[EventRounds "9"]
[EventCountry "GER"]
[SourceTitle "EXT 2009"]
[Source "ChessBase"]
[SourceDate "2008.11.26"]
[SourceVersion "1"]
[SourceVersionDate "2008.11.26"]
[SourceQuality "1"]
[WhiteTeam "Bayern Muenchen III"]
[BlackTeam "Sendling"]
[WhiteTeamCountry "GER"]
[BlackTeamCountry "GER"]

1. d4 d5 2. Nf3 Nf6 3. c4 c6 4. Nc3 a6 5. e3 e6 6. Qc2 c5 7. Be2 Nc6 8. dxc5 Bxc5 9. 0-0 dxc4 10. Bxc4 0-0 11. a3 Bd6 12. Rd1 Qe7 13. e4 h6 14. Qe2 Ne5 15. Nxe5 Bxe5 16. f4 Bxc3 17. bxc3 b5 18. Bd3 e5 19. f5 Bb7 20. a4 Qc5+ 21. Be3 Qxc3 22. Rdc1 Qb3 23. Rcb1 Qc3 24. Rc1 1/2-1/2

[Event "Feffernitz Raika op 16th"]
[Site "Feffernitz"]
[Date "2007.08.21"]
[Round "4"]
[White "Hrenic, Misa"]
[Black "Altmann, Christoph"]
[Result "0-1"]
[WhiteElo "1982"]
[BlackElo "2085"]
[PlyCount "56"]
[EventDate "2007.08.19"]
[EventType "swiss"]
[EventRounds "9"]
[EventCountry "AUT"]
[SourceTitle "EXT 2008"]
[Source "ChessBase"]
[SourceDate "2007.11.25"]
[SourceVersion "1"]
[SourceVersionDate "2007.11.25"]
[SourceQuality "1"]

1. e4 e6 2. d4 d5 3. Nd2 a6 4. Ngf3 Nf6 5. Bd3 c5 6. exd5 Qxd5 7. 0-0 cxd4 8. Bc4 Qd6 9. Nb3 Nc6 10. Nbxd4 Nxd4 11. Nxd4 Qc7 12. Bd3 Bd6 13. h3 0-0 14. Bg5 Be5 15. c3 h6 16. Be3 Nd5 17. Nc2 Nxe3 18. Nxe3 Bd7 19. Re1 Bc6 20. Qh5 Bf4 21. Ng4 Rad8 22. Rad1 Rd5 23. Qh4 Rfd8 24. Bc2 Bd2 25. Re5 Bg5 26. Qh5 Rxd1+ 27. Bxd1 Rxd1+ 28. Kh2 Rd5 0-1

[Event "Feffernitz Raika op 16th"]
[Site "Feffernitz"]
[Date "2007.08.19"]
[Round "2"]
[White "Oberberger, Guenther"]
[Black "Altmann, Christoph"]
[Result "0-1"]
[WhiteElo "1892"]
[BlackElo "2085"]
[PlyCount "86"]
[EventDate "2007.08.19"]
[EventType "swiss"]
[EventRounds "9"]
[EventCountry "AUT"]
[SourceTitle "EXT 2008"]
[Source "ChessBase"]
[SourceDate "2007.11.25"]
[SourceVersion "1"]
[SourceVersionDate "2007.11.25"]
[SourceQuality "1"]

1. e4 e6 2. d4 d5 3. exd5 exd5 4. Nf3 Bg4 5. Be2 Bd6 6. h3 Bf5 7. c4 dxc4 8. Bxc4 Qe7+ 9. Qe2 Nc6 10. Qxe7+ Ngxe7 11. a3 Be4 12. Nbd2 Bd5 13. Bxd5 Nxd5 14. Nc4 0-0-0 15. Nxd6+ Rxd6 16. 0-0 Re8 17. Bd2 f6 18. Rfe1 Rde6 19. Kf1 Kd7 20. Rxe6 Rxe6 21. Re1 Rd6 22. Re2 g6 23. Re1 Nd8 24. Re2 Ne6 25. g3 Rb6 26. Be3 Rb3 27. Kg2 Ng7 28. Bc1 Nf5 29. Rd2 a6 30. Ng1 Nd6 31. Ne2 Ne4 32. Rd1 g5 33. Ng1 h5 34. Ne2 g4 35. hxg4 hxg4 36. Ng1 f5 37. Kf1 c6 38. Kg2 Nb6 39. Re1 Rd3 40. Be3 Nc4 41. Re2 b5 42. Kf1 Nxg3+ 43. fxg3 Nxe3+ 0-1

[Event "Regionalliga SW 0607"]
[Site "Bayern"]
[Date "2007.04.01"]
[Round "8.5"]
[White "Altmann, Christoph"]
[Black "Uhlmann, Helge"]
[Result "1-0"]
[WhiteElo "2078"]
[BlackElo "2097"]
[PlyCount "145"]
[EventDate "2006.10.15"]
[EventType "team-tourn"]
[EventRounds "9"]
[EventCountry "GER"]
[SourceTitle "EXT 2008"]
[Source "ChessBase"]
[SourceDate "2007.11.25"]
[SourceVersion "1"]
[SourceVersionDate "2007.11.25"]
[SourceQuality "1"]
[WhiteTeam "Muenchen Sendling"]
[BlackTeam "Muenchen Tarrasch II"]
[WhiteTeamCountry "GER"]
[BlackTeamCountry "GER"]

1. d4 Nf6 2. Bg5 Ne4 3. Bf4 d5 4. e3 Bf5 5. f3 Nf6 6. c4 Bxb1 7. Rxb1 c6 8. Bg3 Qa5+ 9. Kf2 e6 10. Qb3 Qb6 11. Qc2 c5 12. cxd5 exd5 13. Bxb8 Rxb8 14. Qa4+ Nd7 15. Bb5 Rd8 16. Ne2 a6 17. Bxd7+ Rxd7 18. Rhc1 Kd8 19. Rc3 c4 20. b3 Qb5 21. Qxb5 axb5 22. bxc4 bxc4 23. e4 Bd6 24. exd5 Ke7 25. Rxc4 Ra8 26. a4 Kd8 27. g3 Rc7 28. Rbc1 Kd7 29. Ke3 Rxc4 30. Rxc4 Ra6 31. Nc3 Bc7 32. f4 Rh6 33. h4 Rg6 34. Kf3 Bd8 35. Nb5 h5 36. Rc3 Ba5 37. Re3 Bd8 38. d6 Rh6 39. Re5 Bf6 40. Rf5 Rh8 41. Rc5 Bd8 42. Ke4 Re8+ 43. Re5 Rh8 44. Kd5 Rh6 45. Kc5 Rg6 46. Re3 Rh6 47. d5 Rg6 48. Rb3 b6+ 49. Kd4 Rg4 50. Ke4 Rg6 51. Kf3 Rf6 52. Rc3 Rg6 53. Re3 Rh6 54. Re5 Bf6 55. Re4 Bd8 56. Rc4 Rf6 57. Rc6 Rg6 58. Rc3 Rf6 59. Ke4 Rg6 60. Nd4 Rxd6 61. Nf5 Rg6 62. Rc4 Bc7 63. Rc6 Rxc6 64. dxc6+ Kxc6 65. Nxg7 Kc5 66. Nxh5 Kb4 67. Nf6 Kxa4 68. Nd5 Bd8 69. h5 b5 70. h6 b4 71. h7 Bf6 72. Nxf6 b3 73. h8Q 1-0

[Event "Regionalliga SW 0607"]
[Site "Bayern"]
[Date "2007.02.04"]
[Round "5.6"]
[White "Derix, Bernhard"]
[Black "Altmann, Christoph"]
[Result "1-0"]
[WhiteElo "1960"]
[BlackElo "2078"]
[PlyCount "95"]
[EventDate "2006.10.15"]
[EventType "team-tourn"]
[EventRounds "9"]
[EventCountry "GER"]
[SourceTitle "EXT 2008"]
[Source "ChessBase"]
[SourceDate "2007.11.25"]
[SourceVersion "1"]
[SourceVersionDate "2007.11.25"]
[SourceQuality "1"]
[WhiteTeam "Augsburg"]
[BlackTeam "Muenchen Sendling"]
[WhiteTeamCountry "GER"]
[BlackTeamCountry "GER"]

1. d4 d5 2. Bf4 Nf6 3. e3 c5 4. Nd2 Nc6 5. c3 Qb6 6. Qb3 c4 7. Qc2 g6 8. Ngf3 Bf5 9. Qc1 Bg7 10. h3 0-0 11. Be2 h6 12. 0-0 g5 13. Bg3 Qd8 14. Ne5 e6 15. Nxc6 bxc6 16. b3 cxb3 17. axb3 Qb6 18. Ra6 Qb7 19. Qa3 Ne4 20. Nxe4 Bxe4 21. b4 f5 22. Bd6 Rfd8 23. Bc5 f4 24. exf4 gxf4 25. Bg4 Bd3 26. Bxe6+ Kh8 27. Ra1 Bxa6 28. Qxa6 Qc7 29. Qd3 Bf8 30. Ra6 Bxc5 31. dxc5 d4 32. cxd4 Qg7 33. d5 cxd5 34. Bxd5 Rab8 35. Rg6 Rxd5 36. Qxd5 Qxg6 37. Qe5+ Kh7 38. Qxb8 f3 39. Qxa7+ Kh8 40. Qa8+ Kh7 41. Qxf3 Qb1+ 42. Kh2 Qxb4 43. c6 Qd6+ 44. g3 Qc5 45. Qf7+ Kh8 46. c7 Qc6 47. Qf8+ Kh7 48. c8Q 1-0

[Event "Regionalliga SW 0607"]
[Site "Bayern"]
[Date "2006.11.19"]
[Round "3.5"]
[White "Altmann, Christoph"]
[Black "King, Alexander"]
[Result "1/2-1/2"]
[WhiteElo "2078"]
[BlackElo "1878"]
[PlyCount "108"]
[EventDate "2006.10.15"]
[EventType "team-tourn"]
[EventRounds "9"]
[EventCountry "GER"]
[SourceTitle "EXT 2008"]
[Source "ChessBase"]
[SourceDate "2007.11.25"]
[SourceVersion "1"]
[SourceVersionDate "2007.11.25"]
[SourceQuality "1"]
[WhiteTeam "Muenchen Sendling"]
[BlackTeam "Klosterlechfeld"]
[WhiteTeamCountry "GER"]
[BlackTeamCountry "GER"]

1. d4 Nf6 2. Bg5 Ne4 3. Bf4 d5 4. e3 c6 5. Nd2 Nxd2 6. Qxd2 Qb6 7. c3 Bf5 8. Nf3 h6 9. Be2 Nd7 10. 0-0 e6 11. Bd3 Bxd3 12. Qxd3 Be7 13. Ne5 Nxe5 14. Bxe5 Bf6 15. Bd6 Qd8 16. Ba3 Be7 17. Bxe7 Qxe7 18. e4 0-0 19. Rae1 Qd7 20. Re3 dxe4 21. Qxe4 Qd5 22. a3 Qxe4 23. Rxe4 Rad8 24. f4 Rfe8 25. Rfe1 Kf8 26. Kf2 g6 27. Kf3 Rd5 28. Re5 Red8 29. Rxd5 cxd5 30. g4 Ke7 31. h4 Rg8 32. Re5 f5 33. g5 h5 34. Ke3 Rc8 35. Kd3 b5 36. Re2 a5 37. b3 Kd6 38. Ra2 Rb8 39. Rc2 a4 40. Rb2 axb3 41. Rxb3 Kc7 42. Kc2 Rb6 43. Rb4 Kc6 44. Kb2 Ra6 45. Kb3 Kb6 46. Ka2 Kc6 47. Kb2 Kb6 48. Kb3 Ra8 49. a4 Rxa4 50. Rxa4 bxa4+ 51. Kxa4 Ka6 52. Kb4 Kb6 53. Ka4 Ka6 54. Kb4 Kb6 1/2-1/2

[Event "Regionalliga SW 0506"]
[Site "Bayern"]
[Date "2005.10.23"]
[Round "1.7"]
[White "Stadler, Wolfgang"]
[Black "Altmann, Christoph"]
[Result "0-1"]
[WhiteElo "1918"]
[BlackElo "2079"]
[PlyCount "100"]
[EventDate "2005.10.23"]
[EventType "team-tourn"]
[EventRounds "9"]
[EventCountry "GER"]
[SourceTitle "EXT 2007"]
[Source "ChessBase"]
[SourceDate "2006.11.23"]
[SourceVersion "1"]
[SourceVersionDate "2006.11.23"]
[SourceQuality "1"]

1. e4 e6 2. d4 d5 3. Nc3 Nf6 4. Bg5 dxe4 5. Nxe4 Nbd7 6. Nf3 h6 7. Nxf6+ Nxf6 8. Bd2 c5 9. c3 a6 10. h3 cxd4 11. Nxd4 Bc5 12. Be3 Qc7 13. Qa4+ Bd7 14. Qc4 Rc8 15. Qb3 Nd5 16. Bd2 Qe5+ 17. Be2 b5 18. Nf3 Qe4 19. Qd1 Bc6 20. 0-0 Nf4 21. Bxf4 Qxf4 22. Qd2 Qf6 23. Rad1 0-0 24. Qc2 Rfe8 25. Nh2 e5 26. Ng4 Qg5 27. Qd2 Qe7 28. Rde1 Rcd8 29. Qc2 Qg5 30. Qc1 Qxc1 31. Rxc1 Rd2 32. Bd1 Rxb2 33. Rc2 Rxc2 34. Bxc2 h5 35. Ne3 Rd8 36. Rd1 Rxd1+ 37. Nxd1 g6 38. Nb2 Ba3 39. Nd3 e4 40. Ne5 Bd5 41. Bb1 Kg7 42. Nd7 f5 43. Nb6 Be6 44. c4 bxc4 45. Na4 Bb4 46. Kf1 c3 47. g4 Bxa2 48. Nxc3 Bxb1 49. Nxb1 fxg4 50. hxg4 a5 0-1

[Event "Feffernitz Raika op 14th"]
[Site "Feffernitz"]
[Date "2005.08.26"]
[Round "7"]
[White "Rattinger, Friedrich"]
[Black "Altmann, Christoph"]
[Result "1-0"]
[WhiteElo "2166"]
[BlackElo "2078"]
[PlyCount "105"]
[EventDate "2005.08.21"]
[EventType "swiss"]
[EventRounds "9"]
[EventCountry "AUT"]
[SourceTitle "CBM 108 Extra"]
[Source "ChessBase"]
[SourceDate "2005.11.04"]
[SourceVersion "1"]
[SourceVersionDate "2005.11.04"]
[SourceQuality "1"]

1. e4 e6 2. d4 d5 3. Nc3 Nf6 4. Bg5 Bb4 5. e5 h6 6. Be3 Ne4 7. Qg4 g6 8. Bd3 Bxc3+ 9. bxc3 Nxc3 10. Nf3 c5 11. dxc5 Qa5 12. 0-0 Qa4 13. Qd4 Qxd4 14. Bxd4 Na4 15. Rab1 Na6 16. Bb5+ Bd7 17. Bxd7+ Kxd7 18. Rxb7+ Kc6 19. Rxf7 N4xc5 20. Be3 Kb5 21. Rf6 g5 22. h4 Kc4 23. hxg5 hxg5 24. Nxg5 Rh5 25. f3 Rb8 26. g4 Rh4 27. Rc1 Rhh8 28. Nxe6 Nxe6 29. Rxe6 Nc5 30. Rd6 Rh3 31. Kg2 Rh7 32. Rd1 Rb2 33. Rd4+ Kb5 34. Rd2 Rb1 35. a4+ Nxa4 36. R6xd5+ Kc6 37. Rd6+ Kc7 38. Bf2 Nb6 39. Bxb6+ axb6 40. e6 Rhh1 41. Kg3 Rhf1 42. R6d4 Rbe1 43. Re4 Rxe4 44. fxe4 Rf6 45. e5 Rf8 46. g5 Rf5 47. Kg4 Rxe5 48. g6 Rxe6 49. Kf5 Re1 50. Rg2 Rf1+ 51. Kg5 Rf8 52. g7 Rg8 53. Kf6 1-0

[Event "Feffernitz Raika op 14th"]
[Site "Feffernitz"]
[Date "2005.08.24"]
[Round "5"]
[White "Solodovnichenko, Yuri"]
[Black "Altmann, Christoph"]
[Result "1/2-1/2"]
[WhiteElo "2535"]
[BlackElo "2078"]
[PlyCount "72"]
[EventDate "2005.08.21"]
[EventType "swiss"]
[EventRounds "9"]
[EventCountry "AUT"]
[SourceTitle "CBM 108 Extra"]
[Source "ChessBase"]
[SourceDate "2005.11.04"]
[SourceVersion "1"]
[SourceVersionDate "2005.11.04"]
[SourceQuality "1"]

1. e4 e6 2. d4 d5 3. e5 c5 4. c3 Qb6 5. Nf3 Nc6 6. a3 Bd7 7. b4 cxd4 8. cxd4 Rc8 9. Be3 Nh6 10. Bd3 Ng4 11. 0-0 Nxe3 12. fxe3 Be7 13. Nbd2 Nb8 14. Qe2 Rc3 15. a4 Nc6 16. b5 Nb4 17. Ne1 0-0 18. Bb1 a6 19. Nd3 axb5 20. a5 Qc7 21. Nf4 Nc2 22. Rf3 g6 23. Ra2 Na3 24. Bd3 b4 25. h4 b3 26. Rb2 Ba4 27. Rg3 Kg7 28. Nf3 Rc1+ 29. Kh2 Qc3 30. h5 Rc2 31. Rxc2 bxc2 32. hxg6 hxg6 33. Nh5+ Kg8 34. Nf6+ Kg7 35. Nh5+ Kg8 36. Nf6+ Kg7 1/2-1/2